[Event "Vienna Chess Open 2015 Group A"]
[Site "Grosser Festsaal im Wiener Rathaus, 1010 Wien"]
[Date "2015.08.21"]
[Round "7"]
[Board "14"]
[White "Picard, Romain"]
[Black "Tari, Aryan"]
[Result "0-1"]
[WhiteElo "2326"]
[BlackElo "2510"]
[PlyCount "110"]
[EventDate "2015.08.15"]
[EventRounds "9"]
[EventCountry "AUT"]

1.Nf3 d5 2.g3 g6 3.Bg2 Bg7 4.d4 Nf6 5.c4 dxc4 6.Na3 c3 7.bxc3 O-O 8.O-O c5 9.Re1 Nd5
10.Bb2 Nc6 11.e4 Nb6 12.h3 Na5 13.Bf1 Be6 14.d5 Bd7 15.Rc1 e6 16.Qd2 c4 17.Rcd1 exd5
18.exd5 Qc7 19.Nc2 Na4 20.d6 Qb6 21.Ba1 Qc5 22.Nb4 Rad8 23.Bg2 h6 24.Qc1 Be6 25.Nd4
Bc8 26.Nd5 Kh8 27.Re7 Qxd6 28.Rde1 Bd7 29.h4 Nc6 30.R7e2 Nxd4 31.cxd4 Bc6 32.Re5 b5
33.h5 Bxd5 34.Rxd5 Qb6 35.Rxd8 Rxd8 36.d5 c3 37.Qb1 gxh5 38.Qf5 Qg6 39.Qf4 Kg8 40.Kh2
Qg4 41.Qe3 Qd7 42.Bf3 Rc8 43.Bxh5 Qxd5 44.Bg4 Rc4 45.Qe8+ Kh7 46.Bh3 Nc5 47.Qxb5 c2
48.Re5 Bxe5 49.Bxe5 f6 50.Qe8 fxe5 51.Bf5+ Kg7 52.Qe7+ Qf7 53.Qxe5+ Kg8 54.Qb8+ Qf8
55.Bh7+ Kg7 0-1

[Event "Vienna Chess Open 2015 Group A"]
[Site "Grosser Festsaal im Wiener Rathaus, 1010 Wien"]
[Date "2015.08.21"]
[Round "7"]
[Board "15"]
[White "Kuzmicz, Krystian"]
[Black "Schwabeneder, Florian"]
[Result "1/2-1/2"]
[WhiteElo "2486"]
[BlackElo "2299"]
[PlyCount "57"]
[EventDate "2015.08.15"]
[EventRounds "9"]
[EventCountry "AUT"]

1.e4 e6 2.f4 d5 3.e5 c5 4.Nf3 Nc6 5.c3 Nh6 6.Na3 f6 7.Bb5 Be7 8.Bxc6+ bxc6 9.d3 O-O
10.Nc2 fxe5 11.Nxe5 Bd6 12.O-O Qc7 13.Qe2 Nf7 14.Re1 a5 15.Bd2 a4 16.Rab1 Nxe5 17.fxe5
Be7 18.Rf1 Bd7 19.Rbe1 Rxf1+ 20.Rxf1 Rf8 21.Rf4 Rxf4 22.Bxf4 Qb8 23.Ne1 Be8 24.Qc2
Qb5 25.c4 Qa5 26.Bd2 Qc7 27.Bf4 Qa5 28.Bd2 Qc7 29.Bf4 1/2-1/2

[Event "Vienna Chess Open 2015 Group A"]
[Site "Grosser Festsaal im Wiener Rathaus, 1010 Wien"]
[Date "2015.08.21"]
[Round "7"]
[Board "17"]
[White "Rombaldoni, Denis"]
[Black "Karst, Elmar"]
[Result "1-0"]
[WhiteElo "2467"]
[BlackElo "2294"]
[PlyCount "105"]
[EventDate "2015.08.15"]
[EventRounds "9"]
[EventCountry "AUT"]

1.Nf3 d5 2.g3 Bg4 3.Bg2 c6 4.O-O Nf6 5.d3 Nbd7 6.h3 Bxf3 7.Bxf3 e6 8.Bg2 Bd6 9.e4
O-O 10.f4 dxe4 11.dxe4 Bc5+ 12.Kh2 e5 13.f5 h6 14.g4 Nh7 15.Qe2 b5 16.Nd2 Be7 17.Nf3
Ng5 18.Ng1 Nh7 19.Bd2 Qc7 20.Kg3 Rfd8 21.h4 Nc5 22.Rad1 Rd7 23.Be3 Rad8 24.Rxd7 Rxd7
25.Nh3 Na4 26.g5 hxg5 27.hxg5 g6 28.f6 Bc5 29.Bc1 Qd8 30.Rh1 Bb6 31.Qg4 Kh8 32.Bf3
Nc5 33.Nf2 Ne6 34.Qh4 Bxf2+ 35.Kxf2 Qg8 36.Bg4 Rd6 37.Bxe6 Rxe6 38.Be3 Rd6 39.Bc5
Rd8 40.Be7 Rc8 41.b4 Ra8 42.Rh3 Rc8 43.Qg3 Ra8 44.Ke2 a6 45.Qh2 Rc8 46.Qxe5 Ra8 47.Qh2
Rc8 48.Kd1 Ra8 49.Kc1 Rc8 50.Kb1 Ra8 51.e5 Rc8 52.Qh1 Ra8 53.Qxc6 1-0

[Event "Vienna Chess Open 2015 Group A"]
[Site "Grosser Festsaal im Wiener Rathaus, 1010 Wien"]
[Date "2015.08.21"]
[Round "7"]
[Board "18"]
[White "Menezes, Christoph"]
[Black "Mons, Léon"]
[Result "0-1"]
[WhiteElo "2291"]
[BlackElo "2464"]
[PlyCount "56"]
[EventDate "2015.08.15"]
[EventRounds "9"]
[EventCountry "AUT"]

1.d4 Nf6 2.c4 b6 3.f3 Nc6 4.Nc3 e5 5.d5 Ne7 6.e4 Ng6 7.Nge2 Nh5 8.g3 Bc5 9.Bh3 Nhf4
10.Nxf4 exf4 11.Bf5 O-O 12.Ne2 Qf6 13.Rb1 Ne7 14.Bg4 fxg3 15.hxg3 d6 16.Nf4 Bxg4 17.fxg4
Ng6 18.b4 Qc3+ 19.Kf1 Qxg3 20.Nd3 Be3 21.Bxe3 Qxe3 22.Qe2 Qd4 23.Nf2 Ne5 24.Rc1 a5
25.b5 f6 26.Kg2 Ng6 27.Qd1 Qe3 28.Re1 Nf4+ 0-1

[Event "Vienna Chess Open 2015 Group A"]
[Site "Grosser Festsaal im Wiener Rathaus, 1010 Wien"]
[Date "2015.08.21"]
[Round "7"]
[Board "19"]
[White "Buchenau, Frank"]
[Black "Salomon, Johan"]
[Result "0-1"]
[WhiteElo "2290"]
[BlackElo "2439"]
[PlyCount "74"]
[EventDate "2015.08.15"]
[EventRounds "9"]
[EventCountry "AUT"]

1.e4 e6 2.d4 d5 3.Nc3 Nf6 4.Bg5 dxe4 5.Nxe4 Be7 6.Bxf6 gxf6 7.Nf3 a6 8.Qd2 f5 9.Nc3
b5 10.g3 Bb7 11.Bg2 Qd6 12.O-O-O b4 13.Na4 Nd7 14.b3 Bd5 15.Rhg1 Bf6 16.Nb2 Rd8 17.Nc4
Bxc4 18.bxc4 Qb6 19.Qh6 Rg8 20.c5 Qa5 21.c6 Nc5 22.Kb1 Ne4 23.Rd3 Nc3+ 24.Kc1 Ne2+
25.Kb1 Rg6 26.Qe3 Nxg1 27.Nxg1 Qb6 28.Ne2 Bg7 29.f4 Bf6 30.Bf3 Ke7 31.h3 Rh6 32.g4
Rxh3 33.gxf5 Rd6 34.Qe4 Qb5 35.Rd1 Qxf5 36.Qe3 Rxc6 37.Rd2 Rd6 0-1

[Event "Vienna Chess Open 2015 Group A"]
[Site "Grosser Festsaal im Wiener Rathaus, 1010 Wien"]
[Date "2015.08.21"]
[Round "7"]
[Board "20"]
[White "Schreiner, Peter"]
[Black "Umudova, Nargiz"]
[Result "1/2-1/2"]
[WhiteElo "2439"]
[BlackElo "2289"]
[PlyCount "86"]
[EventDate "2015.08.15"]
[EventRounds "9"]
[EventCountry "AUT"]

1.d4 Nf6 2.c4 e6 3.Nc3 Bb4 4.Qc2 b6 5.e4 Bb7 6.Bd3 Bxc3+ 7.bxc3 d6 8.f4 c5 9.Nf3 Nc6
10.O-O Nd7 11.d5 Ne7 12.dxe6 fxe6 13.Ng5 Nf8 14.e5 Qd7 15.Ne4 Bxe4 16.Bxe4 d5 17.cxd5
exd5 18.Bf3 Rd8 19.Qe2 g6 20.g4 h5 21.gxh5 Nf5 22.Bb2 gxh5 23.Rad1 Ne6 24.Bg2 Qg7
25.Kh1 h4 26.Bxd5 Rxd5 27.Rxd5 Ng3+ 28.hxg3 hxg3+ 29.Kg1 Qh6 30.Qg2 Nxf4 31.Rxf4 Qxf4
32.Rd3 Qf2+ 33.Qxf2 gxf2+ 34.Kg2 Rh2+ 35.Kf1 Rh1+ 36.Kxf2 Rh2+ 37.Ke3 Rxb2 38.Ke4
Rxa2 39.Rh3 Kd7 40.c4 Re2+ 41.Kf5 Rf2+ 42.Ke4 Re2+ 43.Kf5 Rf2+ 1/2-1/2

[Event "Vienna Chess Open 2015 Group A"]
[Site "Grosser Festsaal im Wiener Rathaus, 1010 Wien"]
[Date "2015.08.21"]
[Round "7"]
[Board "21"]
[White "Froewis, Georg"]
[Black "Bonagura, Stefano"]
[Result "1-0"]
[WhiteElo "2434"]
[BlackElo "2285"]
[PlyCount "85"]
[EventDate "2015.08.15"]
[EventRounds "9"]
[EventCountry "AUT"]

1.Nf3 d5 2.g3 c6 3.Bg2 Bg4 4.c4 e6 5.cxd5 Bxf3 6.Bxf3 cxd5 7.d3 Nc6 8.O-O Nf6 9.Nc3
a6 10.e4 dxe4 11.dxe4 Bc5 12.e5 Nxe5 13.Bxb7 Qxd1 14.Rxd1 Ra7 15.Bg2 Neg4 16.Rd2 O-O
17.Na4 Bb4 18.Rc2 Rd7 19.Bf3 Ne5 20.Be2 Rfd8 21.a3 Be7 22.b4 Ne4 23.Be3 Bf6 24.Re1
h6 25.Kg2 Rd6 26.f3 Nd2 27.f4 Ng6 28.Nc5 Bd4 29.Bxd4 Rxd4 30.Bxa6 Ne7 31.Bd3 Nb3 32.Be4
Nd2 33.b5 Nc4 34.Nb3 Rxe4 35.Rxe4 Nxa3 36.Rc5 Rd3 37.Rb4 Nd5 38.Rxd5 Rxd5 39.b6 Rd8
40.b7 Rb8 41.Nd4 g5 42.Nc6 Nc2 43.Rb2 1-0

[Event "Vienna Chess Open 2015 Group A"]
[Site "Grosser Festsaal im Wiener Rathaus, 1010 Wien"]
[Date "2015.08.21"]
[Round "7"]
[Board "22"]
[White "Bressac, Stephane"]
[Black "Kilgus, Georg"]
[Result "1/2-1/2"]
[WhiteElo "2286"]
[BlackElo "2421"]
[PlyCount "113"]
[EventDate "2015.08.15"]
[EventRounds "9"]
[EventCountry "AUT"]

1.c4 g6 2.g3 Bg7 3.Bg2 e5 4.Nc3 Nc6 5.d3 d6 6.e4 Nf6 7.Nge2 O-O 8.Nd5 Nxd5 9.exd5
Ne7 10.O-O c6 11.dxc6 bxc6 12.d4 Bg4 13.dxe5 dxe5 14.Qxd8 Rfxd8 15.Nc3 Be6 16.b3 e4
17.Bg5 Bxc3 18.Bxe7 Bxa1 19.Bxd8 Rxd8 20.Rxa1 f5 21.f3 exf3 22.Bxf3 c5 23.Re1 Kf7
24.Re5 Rc8 25.Bd5 Bxd5 26.Rxd5 Ke6 27.Kf2 Rc6 28.Kf3 Ra6 29.Rxc5 Rxa2 30.h4 Rb2 31.Rb5
a6 32.Rb7 Ke5 33.Re7+ Kd4 34.Rxh7 Rxb3+ 35.Kf4 Rb6 36.Rc7 Re6 37.Kg5 Ke4 38.Rg7 a5
39.Ra7 Kf3 40.Rxa5 Kxg3 41.Ra3+ Kf2 42.c5 Rc6 43.Rc3 Ke2 44.Kf4 Kd2 45.Rg3 Ke2 46.Rg5
Kf2 47.h5 gxh5 48.Rxf5 h4 49.Ke4+ Kg2 50.Rg5+ Kf2 51.Kd5 Rc8 52.Rh5 Kg3 53.c6 h3 54.Kd6
h2 55.c7 Kg2 56.Kd7 Rxc7+ 57.Kxc7 1/2-1/2

[Event "Vienna Chess Open 2015 Group A"]
[Site "Grosser Festsaal im Wiener Rathaus, 1010 Wien"]
[Date "2015.08.21"]
[Round "7"]
[Board "23"]
[White "Kniest, Oliver"]
[Black "Hauge, Lars Oskar"]
[Result "1/2-1/2"]
[WhiteElo "2252"]
[BlackElo "2411"]
[PlyCount "58"]
[EventDate "2015.08.15"]
[EventRounds "9"]
[EventCountry "AUT"]

1.d4 Nf6 2.c4 c5 3.d5 b5 4.cxb5 a6 5.bxa6 g6 6.Nc3 Bg7 7.e4 O-O 8.Nf3 Qa5 9.Bd2 Bxa6
10.Bxa6 Qxa6 11.Qe2 e6 12.Qxa6 Nxa6 13.dxe6 fxe6 14.O-O d5 15.exd5 exd5 16.Bg5 Nb4
17.Rfd1 Ne4 18.Nxe4 dxe4 19.Nd2 Bxb2 20.Rab1 Bd4 21.Nxe4 Rxa2 22.Be7 Rf5 23.Bxc5 Bxc5
24.Nxc5 Rfxf2 25.Rd8+ Kg7 26.Ne6+ Kh6 27.Rxb4 Rxg2+ 28.Kh1 Rxh2+ 29.Kg1 Rag2+ 1/2-1/2

[Event "Vienna Chess Open 2015 Group A"]
[Site "Grosser Festsaal im Wiener Rathaus, 1010 Wien"]
[Date "2015.08.21"]
[Round "7"]
[Board "24"]
[White "Carow, Johannes"]
[Black "Vasile, Claudiu-Daniel"]
[Result "1-0"]
[WhiteElo "2407"]
[BlackElo "2237"]
[PlyCount "99"]
[EventDate "2015.08.15"]
[EventRounds "9"]
[EventCountry "AUT"]

1.d4 d5 2.c4 e6 3.Nc3 Nf6 4.cxd5 exd5 5.Bg5 Be7 6.e3 Nbd7 7.Bd3 O-O 8.Qc2 c6 9.Nf3
Re8 10.h3 Nf8 11.Bf4 Ne6 12.Be5 g6 13.O-O-O Ng7 14.g4 b5 15.Kb1 a5 16.Ne2 Qb6 17.Rc1
Bb7 18.Bxf6 Bxf6 19.g5 Bd8 20.h4 Bc7 21.h5 Nxh5 22.Rxh5 gxh5 23.Bxh7+ Kf8 24.g6 fxg6
25.Qxg6 c5 26.Qg8+ Ke7 27.Qg7+ Kd8 28.dxc5 Qe6 29.Ng5 Qe7 30.Nf7+ Kc8 31.Nd6+ Kb8
32.Nxe8 Qxe8 33.Bg6 Qe5 34.Qxe5 Bxe5 35.Bxh5 Kc7 36.Nd4 Bc6 37.f4 Bf6 38.Kc2 Rg8 39.Kd3
Rg2 40.Rc2 Rg3 41.Rh2 b4 42.Be2 Bb7 43.Kd2 Bc8 44.Rh7+ Rg7 45.Rh6 Be7 46.Bf3 Bd7 47.c6
Bc8 48.Bxd5 Rg1 49.Rh7 Kd6 50.Be4 1-0

[Event "Vienna Chess Open 2015 Group A"]
[Site "Grosser Festsaal im Wiener Rathaus, 1010 Wien"]
[Date "2015.08.21"]
[Round "7"]
[Board "25"]
[White "Martin, Julian"]
[Black "Danner, Georg"]
[Result "0-1"]
[WhiteElo "2261"]
[BlackElo "2385"]
[PlyCount "136"]
[EventDate "2015.08.15"]
[EventRounds "9"]
[EventCountry "AUT"]

1.e4 c5 2.Nf3 Nc6 3.d4 cxd4 4.Nxd4 Nf6 5.Nc3 d6 6.Bg5 e6 7.Qd2 a6 8.O-O-O Bd7 9.f4
h6 10.Bxf6 Qxf6 11.Nf3 g5 12.fxg5 hxg5 13.e5 Qg7 14.Ne4 O-O-O 15.exd6 g4 16.Qf2 f5
17.Qb6 Be8 18.Nf6 Bxd6 19.Nxe8 Bf4+ 20.Nd2 Rhxe8 21.Bxa6 Qc7 22.Qxc7+ Kxc7 23.Bb5
Re7 24.Rhf1 Bg5 25.c3 Kb6 26.Bxc6 Kxc6 27.Kc2 Rh8 28.Rh1 Reh7 29.Nf1 f4 30.Re1 Kd6
31.Re2 e5 32.Nd2 Ke6 33.Rhe1 Bf6 34.Nc4 Rh5 35.Rf1 Rf5 36.g3 b5 37.Na3 fxg3 38.Rxf5
Kxf5 39.hxg3 Rh3 40.Rf2+ Kg5 41.Rg2 e4 42.Kd2 Be5 43.Ke3 Bxg3 44.Kxe4 Bf4 45.Nxb5
Re3+ 46.Kd4 g3 47.Nd6 Re1 48.Ne4+ Kg4 49.Nxg3 Bxg3 50.b4 Kf3 51.Rc2 Rd1+ 52.Kc4 Ke3
53.a4 Rd8 54.Kb3 Kd3 55.c4 Be1 56.Rc1 Bd2 57.Rh1 Ke4 58.Rd1 Rd3+ 59.Kc2 Ke3 60.c5
Rc3+ 61.Kb2 Rc4 62.Ka3 Bxb4+ 63.Kb3 Rg4 64.c6 Bd2 65.Rh1 Rb4+ 66.Ka3 Rc4 67.Rh6 Kd3
68.Kb3 Bxh6 0-1

[Event "Vienna Chess Open 2015 Group A"]
[Site "Grosser Festsaal im Wiener Rathaus, 1010 Wien"]
[Date "2015.08.21"]
[Round "7"]
[Board "26"]
[White "Beshukov, Sergey"]
[Black "Haugli, Petter"]
[Result "1/2-1/2"]
[WhiteElo "2382"]
[BlackElo "2247"]
[PlyCount "108"]
[EventDate "2015.08.15"]
[EventRounds "9"]
[EventCountry "AUT"]

1.d4 Nf6 2.Nf3 g6 3.g3 Bg7 4.Bg2 O-O 5.O-O d6 6.Nc3 d5 7.Bf4 c6 8.Qc1 Ne4 9.Bh6 Nxc3
10.bxc3 Nd7 11.Bxg7 Kxg7 12.Nd2 Nf6 13.c4 Be6 14.c3 Qc7 15.Rb1 Rac8 16.Qa3 b6 17.Rbc1
Rfd8 18.Rfe1 Kg8 19.e3 Rd7 20.Qa6 Qb7 21.Qa3 Qc7 22.f3 h5 23.Qb2 Rdd8 24.cxd5 cxd5
25.Bf1 Qb8 26.Ba6 Rc7 27.e4 dxe4 28.fxe4 h4 29.e5 Nh5 30.Ne4 hxg3 31.hxg3 Bd5 32.Qf2
b5 33.g4 Bxe4 34.gxh5 Bf5 35.a4 b4 36.e6 fxe6 37.hxg6 Kg7 38.Bd3 Rf8 39.Qh2 Bxd3 40.Qh7+
Kf6 41.Re5 Qe8 42.Qh4+ Kg7 43.Qh7+ Kf6 44.Rf1+ Bxf1 45.g7 Rg8 46.Qh4+ Kxg7 47.Rg5+
Qg6 48.Rxg6+ Kxg6 49.Kxf1 Rf8+ 50.Ke2 Rxc3 51.Qxe7 Rf6 52.Qxb4 Rc7 53.Qa5 Rd7 54.Qe5
Kf7 1/2-1/2

[Event "Vienna Chess Open 2015 Group A"]
[Site "Grosser Festsaal im Wiener Rathaus, 1010 Wien"]
[Date "2015.08.21"]
[Round "7"]
[Board "27"]
[White "Maier, Christian"]
[Black "Lipok, Christoph"]
[Result "1-0"]
[WhiteElo "2382"]
[BlackElo "2203"]
[PlyCount "57"]
[EventDate "2015.08.15"]
[EventRounds "9"]
[EventCountry "AUT"]

1.e4 e6 2.d3 d5 3.Nd2 c5 4.Ngf3 Nc6 5.g3 Bd6 6.Bg2 Nge7 7.O-O O-O 8.Re1 Qc7 9.b3 Bd7
10.Bb2 f6 11.exd5 exd5 12.d4 Bg4 13.dxc5 Bxc5 14.Nf1 d4 15.Qd3 Kh8 16.Nxd4 Rad8 17.c3
Ne5 18.Qe4 N7c6 19.Ne3 Bxd4 20.cxd4 f5 21.Qc2 Nf3+ 22.Bxf3 Bxf3 23.d5 Bxd5 24.Nxf5
Rf7 25.Rad1 Qd7 26.Nxg7 Rxg7 27.Qc3 Rdg8 28.Qd2 Rd8 29.Qxd5 1-0

[Event "Vienna Chess Open 2015 Group A"]
[Site "Grosser Festsaal im Wiener Rathaus, 1010 Wien"]
[Date "2015.08.21"]
[Round "7"]
[Board "28"]
[White "Pirrot, Dieter"]
[Black "Thingstad, Even"]
[Result "1-0"]
[WhiteElo "2374"]
[BlackElo "2201"]
[PlyCount "71"]
[EventDate "2015.08.15"]
[EventRounds "9"]
[EventCountry "AUT"]

1.e4 c6 2.d4 d5 3.e5 Bf5 4.Nf3 e6 5.Be2 c5 6.Be3 cxd4 7.Nxd4 Ne7 8.c4 Nbc6 9.Qa4 a6
10.Nc3 dxc4 11.O-O-O Qa5 12.Qxa5 Nxa5 13.Nxf5 Nxf5 14.Bb6 Nc6 15.g4 Nh4 16.f4 Rc8
17.Rhf1 Be7 18.Ne4 Ng6 19.Kb1 Nb4 20.Bd4 Nc6 21.Bb6 Nb4 22.Nd6+ Bxd6 23.exd6 Nd5 24.d7+
Kxd7 25.f5 Nge7 26.Bf3 Rc6 27.Bd4 f6 28.Rfe1 Rd8 29.a4 Kc7 30.fxe6 b6 31.Bf2 Rcd6
32.Bg3 Kc6 33.Rd4 Kc5 34.Bxd6+ Rxd6 35.Red1 b5 36.Bxd5 1-0

[Event "Vienna Chess Open 2015 Group A"]
[Site "Grosser Festsaal im Wiener Rathaus, 1010 Wien"]
[Date "2015.08.21"]
[Round "7"]
[Board "29"]
[White "Abdumalik, Zhansaya"]
[Black "Branding, Volker"]
[Result "1-0"]
[WhiteElo "2371"]
[BlackElo "2136"]
[PlyCount "53"]
[EventDate "2015.08.15"]
[EventRounds "9"]
[EventCountry "AUT"]

1.e4 g6 2.d4 Bg7 3.Nc3 d6 4.f4 Nf6 5.Bd3 O-O 6.Nf3 Na6 7.O-O c5 8.d5 Nc7 9.a4 e6 10.dxe6
Bxe6 11.f5 Bd7 12.Bg5 Bc6 13.Qd2 Qd7 14.Qf4 gxf5 15.exf5 Nfd5 16.Nxd5 Nxd5 17.Qh4
f6 18.Bd2 Kh8 19.b3 Rae8 20.Rae1 Rxe1 21.Rxe1 Re8 22.Re6 Nc7 23.Bf4 Bxf3 24.gxf3 Rg8
25.Kf2 d5 26.Bg3 Re8 27.Bxc7 1-0

[Event "Vienna Chess Open 2015 Group A"]
[Site "Grosser Festsaal im Wiener Rathaus, 1010 Wien"]
[Date "2015.08.21"]
[Round "7"]
[Board "30"]
[White "Safarli, Eltaj"]
[Black "Powierski, Emil"]
[Result "1-0"]
[WhiteElo "2644"]
[BlackElo "2260"]
[PlyCount "43"]
[EventDate "2015.08.15"]
[EventRounds "9"]
[EventCountry "AUT"]

1.e4 c5 2.Nc3 d6 3.Nf3 Nf6 4.d4 cxd4 5.Nxd4 a6 6.g3 e6 7.Bg2 Be7 8.O-O Qc7 9.Be3 O-O
10.g4 h6 11.h4 Nh7 12.Nf3 Nc6 13.g5 hxg5 14.Nxg5 Ne5 15.f4 Nc4 16.Bd4 b5 17.Qh5 Bxg5
18.hxg5 e5 19.Nd5 Qd8 20.Kf2 Bg4 21.Qxg4 exd4 22.Rh1 1-0

[Event "Vienna Chess Open 2015 Group A"]
[Site "Grosser Festsaal im Wiener Rathaus, 1010 Wien"]
[Date "2015.08.21"]
[Round "7"]
[Board "31"]
[White "Haasler, Andreas"]
[Black "Stanec, Nikolaus"]
[Result "1/2-1/2"]
[WhiteElo "2258"]
[BlackElo "2474"]
[PlyCount "28"]
[EventDate "2015.08.15"]
[EventRounds "9"]
[EventCountry "AUT"]

1.Nf3 Nf6 2.c4 e6 3.Nc3 d5 4.d4 Nbd7 5.cxd5 exd5 6.Bg5 Be7 7.e3 O-O 8.Qc2 c6 9.Bd3
Re8 10.h3 Nf8 11.Bf4 Bd6 12.Bxd6 Qxd6 13.O-O b6 14.Rac1 Bb7 1/2-1/2

[Event "Vienna Chess Open 2015 Group A"]
[Site "Grosser Festsaal im Wiener Rathaus, 1010 Wien"]
[Date "2015.08.21"]
[Round "7"]
[Board "32"]
[White "Matt, Fabian"]
[Black "Monroy, Charles"]
[Result "1-0"]
[WhiteElo "2258"]
[BlackElo "2436"]
[PlyCount "137"]
[EventDate "2015.08.15"]
[EventRounds "9"]
[EventCountry "AUT"]

1.e4 d6 2.d4 Nf6 3.Nc3 e5 4.Nf3 Nbd7 5.Bc4 Be7 6.O-O O-O 7.a4 exd4 8.Nxd4 Ne5 9.Ba2
c6 10.h3 Re8 11.Re1 h6 12.a5 Bf8 13.Bf4 Bd7 14.Bg3 b5 15.axb6 Qxb6 16.Qd2 Ng6 17.Bb3
Rad8 18.Rad1 Qb4 19.Nf3 Bc8 20.Nd5 Qxd2 21.Nxf6+ gxf6 22.Nxd2 f5 23.exf5 Bxf5 24.Rxe8
Rxe8 25.Nc4 d5 26.Nd6 Bxd6 27.Bxd6 Ne5 28.Rd4 Nc4 29.Bxc4 dxc4 30.Rxc4 Re1+ 31.Kh2
Re2 32.Kg3 Rxc2 33.Rf4 Bg6 34.Be5 Rc5 35.Bc3 Rg5+ 36.Kh2 Rf5 37.Rd4 Kf8 38.f3 Ke7
39.Ra4 a5 40.Bxa5 Re5 41.Bc3 Re2 42.Kg3 h5 43.Ra5 Ke6 44.Rc5 Kd6 45.Rg5 Ke6 46.Kf4
Rf2 47.g4 hxg4 48.hxg4 Rg2 49.Re5+ Kd7 50.Kg5 Bc2 51.Kf6 Rf2 52.Re3 Bb3 53.Be5 Bd5
54.f4 Rg2 55.g5 Rf2 56.Ra3 Rh2 57.Ra7+ Ke8 58.Ra8+ Kd7 59.Rf8 Rh7 60.f5 Bc4 61.Ra8
Rh3 62.Ra7+ Ke8 63.Re7+ Kf8 64.Rc7 Ke8 65.Rxc6 Bd3 66.Rc8+ Kd7 67.Rc3 Rf3 68.Rxd3+
Rxd3 69.Kxf7 1-0

[Event "Vienna Chess Open 2015 Group A"]
[Site "Grosser Festsaal im Wiener Rathaus, 1010 Wien"]
[Date "2015.08.21"]
[Round "7"]
[Board "33"]
[White "Tan, Justin"]
[Black "Caruso, Augusto"]
[Result "1-0"]
[WhiteElo "2421"]
[BlackElo "2251"]
[PlyCount "43"]
[EventDate "2015.08.15"]
[EventRounds "9"]
[EventCountry "AUT"]

1.e4 e6 2.d4 d5 3.Nc3 Bb4 4.e5 c5 5.a3 Bxc3+ 6.bxc3 Ne7 7.Qg4 cxd4 8.Qxg7 Rg8 9.Qxh7
Qc7 10.Ne2 Nbc6 11.f4 dxc3 12.h4 b6 13.h5 Ba6 14.h6 Bxe2 15.Bxe2 Rxg2 16.Qh8+ Ng8
17.Kf1 Rg6 18.Bd3 Rg4 19.Rg1 Rxg1+ 20.Kxg1 O-O-O 21.h7 Nce7 22.Qg7 1-0

[Event "Vienna Chess Open 2015 Group A"]
[Site "Grosser Festsaal im Wiener Rathaus, 1010 Wien"]
[Date "2015.08.21"]
[Round "7"]
[Board "34"]
[White "Ott, Florian"]
[Black "Holm, Kristian Stuvik"]
[Result "1/2-1/2"]
[WhiteElo "2254"]
[BlackElo "2418"]
[PlyCount "80"]
[EventDate "2015.08.15"]
[EventRounds "9"]
[EventCountry "AUT"]

1.d4 Nf6 2.c4 g6 3.Nc3 d5 4.Nf3 Bg7 5.cxd5 Nxd5 6.e4 Nxc3 7.bxc3 c5 8.Be3 Qa5 9.Qd2
Nc6 10.Rb1 cxd4 11.cxd4 Qxd2+ 12.Kxd2 O-O 13.Bd3 e6 14.Ke2 b6 15.Rhc1 Bb7 16.Rc4 f5
17.e5 h6 18.h4 Rfc8 19.Rbc1 Bf8 20.Bd2 Ne7 21.Bb4 Nd5 22.Rxc8 Rxc8 23.Rxc8 Bxc8 24.Bxf8
Kxf8 25.Kd2 Bb7 26.Bc4 Ke7 27.Ne1 g5 28.hxg5 hxg5 29.g3 Nc7 30.a3 Kd7 31.Nc2 Be4 32.Ne3
Kc6 33.a4 a6 34.Nd1 b5 35.axb5+ axb5 36.Bb3 Bd5 37.Bc2 Bc4 38.Ne3 Ba2 39.Kc3 Nd5+
40.Kb2 Nxe3 1/2-1/2

[Event "Vienna Chess Open 2015 Group A"]
[Site "Grosser Festsaal im Wiener Rathaus, 1010 Wien"]
[Date "2015.08.21"]
[Round "7"]
[Board "35"]
[White "Christiansen, Johan-Sebastian"]
[Black "Namyslo, Holger"]
[Result "1-0"]
[WhiteElo "2416"]
[BlackElo "2227"]
[PlyCount "115"]
[EventDate "2015.08.15"]
[EventRounds "9"]
[EventCountry "AUT"]

1.c4 e6 2.g3 d5 3.Bg2 Nf6 4.Nf3 d4 5.O-O c5 6.e3 Nc6 7.d3 Be7 8.exd4 cxd4 9.Re1 O-O
10.Na3 Nd7 11.Nc2 e5 12.b4 Nxb4 13.Nxe5 Nxe5 14.Rxe5 Bd6 15.Re1 Bg4 16.Qd2 Nxc2 17.Qxc2
Qd7 18.Qb2 Bc5 19.Bf4 b6 20.Bd5 Rae8 21.Be5 Be6 22.Bxd4 Bxd5 23.Rxe8 Rxe8 24.cxd5
Qxd5 25.Bxg7 Qxd3 26.Bh8 Bf8 27.Rf1 Re2 28.Qa1 Qg6 29.Bc3 Qf5 30.Qd1 Qe4 31.Qd8 Qe7
32.Qd4 f6 33.Qg4+ Bg7 34.Bxf6 Re4 35.Qc8+ Qe8 36.Qc3 Bxf6 37.Qxf6 Re6 38.Qg5+ Qg6
39.Qf4 Qf7 40.Qd4 Qf6 41.Qd5 Qf7 42.Qd3 Qg6 43.Qb3 Kg7 44.Rd1 Qe8 45.Qc3+ Kf7 46.Rd4
a5 47.Qc7+ Re7 48.Rf4+ Kg7 49.Qxb6 Re6 50.Qxa5 Re1+ 51.Kg2 Qc6+ 52.Kh3 Qh6+ 53.Rh4
Qe6+ 54.Rg4+ Kf7 55.Qh5+ Kf8 56.Qxh7 Re2 57.Qg7+ Ke8 58.Qg8+ 1-0

[Event "Vienna Chess Open 2015 Group A"]
[Site "Grosser Festsaal im Wiener Rathaus, 1010 Wien"]
[Date "2015.08.22"]
[Round "8"]
[Board "1"]
[White "Buhmann, Rainer"]
[Black "Rambaldi, Francesco"]
[Result "1/2-1/2"]
[WhiteElo "2613"]
[BlackElo "2517"]
[PlyCount "53"]
[EventDate "2015.08.15"]
[EventRounds "9"]
[EventCountry "AUT"]

1.d4 Nf6 2.c4 g6 3.Nc3 d5 4.Bf4 Bg7 5.e3 O-O 6.Rc1 Be6 7.c5 Nh5 8.Bg5 b6 9.b4 a5 10.b5
bxc5 11.dxc5 h6 12.Bh4 c6 13.Nf3 a4 14.Nd4 Bd7 15.Be2 g5 16.Bxh5 gxh4 17.Bf3 e6 18.O-O
cxb5 19.Ncxb5 Ra5 20.Be2 Bxb5 21.Nxb5 Nc6 22.Qd2 Qe7 23.Rb1 Raa8 24.Rfc1 a3 25.e4
dxe4 26.Nd6 Rab8 27.Nxe4 1/2-1/2

[Event "Vienna Chess Open 2015 Group A"]
[Site "Grosser Festsaal im Wiener Rathaus, 1010 Wien"]
[Date "2015.08.22"]
[Round "8"]
[Board "2"]
[White "Arkell, Keith"]
[Black "Bánusz, Tamás"]
[Result "1/2-1/2"]
[WhiteElo "2488"]
[BlackElo "2586"]
[PlyCount "27"]
[EventDate "2015.08.15"]
[EventRounds "9"]
[EventCountry "AUT"]

1.d4 d5 2.Nf3 Nf6 3.c4 c6 4.Nc3 dxc4 5.a4 Bf5 6.e3 e6 7.Bxc4 Bb4 8.O-O O-O 9.Qe2 Nbd7
10.e4 Bg6 11.e5 Nd5 12.Nxd5 cxd5 13.Bd3 Bxd3 14.Qxd3 1/2-1/2

[Event "Vienna Chess Open 2015 Group A"]
[Site "Grosser Festsaal im Wiener Rathaus, 1010 Wien"]
[Date "2015.08.22"]
[Round "8"]
[Board "3"]
[White "Rombaldoni, Axel"]
[Black "Hawkins, Jonathan"]
[Result "1-0"]
[WhiteElo "2515"]
[BlackElo "2554"]
[PlyCount "53"]
[EventDate "2015.08.15"]
[EventRounds "9"]
[EventCountry "AUT"]

1.d4 d5 2.c4 e6 3.Nf3 Nf6 4.g3 dxc4 5.Bg2 Bb4+ 6.Bd2 a5 7.O-O Nc6 8.e3 O-O 9.Qc2 Bd6
10.Qxc4 e5 11.Nc3 Bf5 12.Nh4 Bd7 13.d5 Ne7 14.Rfd1 c6 15.dxc6 Nxc6 16.Nb5 Be7 17.Bc3
Qb8 18.Rxd7 Nxd7 19.Nf5 Bb4 20.Bxb4 axb4 21.Rd1 Nb6 22.Qg4 g6 23.Nbd6 Rxa2 24.Bxc6
bxc6 25.Ne7+ Kh8 26.Qh4 Nd7 27.Ne4 1-0

[Event "Vienna Chess Open 2015 Group A"]
[Site "Grosser Festsaal im Wiener Rathaus, 1010 Wien"]
[Date "2015.08.22"]
[Round "8"]
[Board "4"]
[White "Heberla, Bartlomiej"]
[Black "Antal, Gergely"]
[Result "1/2-1/2"]
[WhiteElo "2548"]
[BlackElo "2524"]
[PlyCount "49"]
[EventDate "2015.08.15"]
[EventRounds "9"]
[EventCountry "AUT"]

1.e4 c6 2.d4 d5 3.Nc3 dxe4 4.Nxe4 Bf5 5.Ng3 Bg6 6.h4 h6 7.Nf3 e6 8.Ne5 Bh7 9.Bd3 Bxd3
10.Qxd3 Nd7 11.f4 Ngf6 12.Bd2 Be7 13.O-O-O c5 14.d5 Nxe5 15.fxe5 c4 16.Qxc4 Qxd5 17.Qa4+
Qd7 18.Qb3 Nd5 19.Nh5 g6 20.Nf4 Nxf4 21.Bxf4 Qc6 22.Rd2 Rd8 23.Qe3 Rxd2 24.Qxd2 h5
25.Bg5 1/2-1/2